Landschaftsplanung Stadt Tuttlingen und Verwaltungsraum /

محفوظ في:
التفاصيل البيبلوغرافية
مؤلف مشترك: Institut für Landschaftsplanung
التنسيق: كتاب
اللغة:German
منشور في: Stuttgart, Alemania : Universität Stuttgart, Institut für Landschaftsplanung, 1977, c1977
الوسوم: إضافة وسم
لا توجد وسوم, كن أول من يضع وسما على هذه التسجيلة!

MARC

LEADER 00000nam^a2200000^a^4500
001 000554966
005 20250526000000.0
009 20260310131709.175
037 |a Acervo ITESO - Biblioteca 
041 |a ALE 
091 |a FHA. 00796 
110 |a Institut für Landschaftsplanung 
245 1 0 |a Landschaftsplanung Stadt Tuttlingen und Verwaltungsraum / 
264 4 |a Stuttgart, Alemania :  |b Universität Stuttgart, Institut für Landschaftsplanung,  |c 1977, c1977 
300 |a 117 p. ;  |c 29.5 cm. 
336 |a texto  |b txt  |2 rdacontenido 
337 |a sin mediación  |b n  |2 rdamedio 
338 |a volumen  |b nc  |2 rdasoporte 
515 |a Inventario familia Hartung: 1018 
649 |a XX 
910 |a Fondo Horst Hartung Franz 
920 |a Impresos - Libros 
930 |a Libros Antiguos y Raros 
905 |a 135 
901 |a 0500332591  |b IT2  |c LRA  |i D  |u 20250526 
902 |a https://opac.biblio.iteso.mx/vufind/Record/000554966